BABYMETAL (2014 album) songs - Statistics

General Stats
  • This quiz has been taken 53 times
  • The average score is 11 of 15
Answer Stats
BABYMETAL (2014) % Correct
Gimme Chocolate!!
90%
Megitsune
90%
Doki Doki ☆ Morning
84%
Headbangeeeeerrrr!!!!!!!
84%
Akatsuki
81%
Babymetal Death
81%
Ijime, Dame, Zettai
74%
Onedari Daisakusen
74%
Uki Uki ☆ Midnight
71%
Song 4
68%
Catch Me If You Can
65%
Iine!
65%
Rondo of Nightmare
65%
BONUS: Road of Resistance
58%
BONUS: Gimme Chocolate!! (Live version)
19%
No matching quizzes found
Score Distribution
Percent of People with Each Score
Percentile by Number Answered
Your Score History
You have not taken this quiz